|
|
|
|
| LEADER |
00000cam a2200000 7i4500 |
| 001 |
0000003299 |
| 005 |
20151222.0 |
| 008 |
070718 |
| 020 |
|
|
|a 9838753688(siri)
|
| 020 |
|
|
|a 983875370X
|
| 090 |
0 |
0 |
|a JF
|b CT MAL (4051)
|
| 100 |
0 |
|
|a Wan Nan Wan Mahmud
|
| 245 |
1 |
0 |
|a Pelanduk putih idaman puteri
|c Wan Nan Wan Mahmud
|
| 260 |
|
|
|a Selangor :
|b Pustaka Mawar ,
|c 2004
|
| 440 |
|
|
|a Siri cerita klasik nirwana
|
| 500 |
|
|
|a Children ages 7-9 years old (orange)
|
| 650 |
|
0 |
|a Junior fiction
|x Classic tales
|x Malay fiction
|
| 999 |
|
|
|a 0000971248
|b Book
|c Children Collection
|e Cawangan Muar
|
| 999 |
|
|
|a 0000971249
|b Book
|c Children Collection
|e Perbadanan Perpustakaan Awam Johor
|
| 999 |
|
|
|a 0000971251
|b Book
|c Children Collection
|e Perbadanan Perpustakaan Awam Johor
|